Mutationes in theologiam moralem: A novo codice iuris canonici inductae

محفوظ في:
التفاصيل البيبلوغرافية
المؤلف الرئيسي: Viladevall, Antonius (مؤلف)
التنسيق: كتاب
اللغة:اللاتينية
منشور في: Buenos Aires Bonis Avris 1917
الموضوعات:
الوسوم: إضافة وسم
لا توجد وسوم, كن أول من يضع وسما على هذه التسجيلة!

MARC

LEADER 00000nam a2200000 a 4500
001 UCG2068
003 CL-VaPUC
008 100610e19170000AG |||||||||||||||||lat|d
082 0 4 |a 241  |b VIL  |2 21 
100 0 |a Viladevall, Antonius  |e author  |9 550325 
245 1 0 |a Mutationes in theologiam moralem: A novo codice iuris canonici inductae 
300 |a 52 p 
942 |c BK 
945 |d 20100610 00:00:00  |a dcastane 
260 |a Buenos Aires  |b Bonis Avris  |c 1917 
650 7 |a DERECHO CANONICO  |2 CL-VaPUC  |9 550326 
650 0 |a Teología moral   |9 256617 
650 0 |a Ética  |9 255099 
650 0 |a Conceptos morales   |9 310606 
650 0 |a Iglesia Católica  |9 256114 
583 |a last modification  |c 20100610 00:00:00  |k Rodrigo Vera 
999 |c 341308  |d 341306 
952 |0 0  |1 0  |4 0  |6 241_000000000000000_VIL_1917  |7 0  |8 P  |9 436689  |a BIBDER  |b BIBDER  |d 2019-11-22  |i 4683978  |o 241 VIL 1917  |p 4683978  |r 2023-01-25  |w 2019-11-22  |y BK  |k DER